00524nam a22001937a 450000500170000000700040001700800040002102000150002504000150004005000190005510000230007424500850009725000120018226000720019430000090026650000190027565000120029470000240030620170725100756.0000000 a0030209684 a0030209684 aQC21b.S4 2000 aSerway, Raymond A. aPhysics :bfor scientists and engineers /cRaymond A. Serway, Robert J. Beichner a5th ed. aFort Worth ;aPhiladelphia :bSaunders College Publishing ,cc2000. avol. aincludes index aPhysics aBeichner, Robert J.